| 000 | 02610nam a22004097a 4500 | ||
|---|---|---|---|
| 001 | 103402 | ||
| 003 | KnowledgeUnlatched | ||
| 005 | 20210303104645.0 | ||
| 006 | m o d | ||
| 007 | cr u|||||||||| | ||
| 008 | 210129p20162017ncu o u00| u eng d | ||
| 035 | _a(OCoLC)938755638 | ||
| 037 | _5BiblioBoard | ||
| 245 | 0 | 0 |
_aDisciplinary Conquest _bU.S. Scholars in South America, 1900-1945 / _cRicardo D. Salvatore. |
| 020 | _a9781478091219 | ||
| 029 | 1 | _ahttps://library.biblioboard.com/ext/api/media/2ba38f1a-cfdc-46ca-9edf-9572fb6afbfb/assets/thumbnail.jpg | |
| 040 |
_aScCtBLL _cScCtBLL |
||
| 100 | 1 |
_aSalvatore, Ricardo D. _eauthor. |
|
| 264 | 1 | _bDuke University Press, | |
| 300 | _a1 online resource (344 p.) | ||
| 490 | 1 | _aAmerican Encounters/Global Interactions | |
| 506 | 0 |
_aAccess copy available to the general public. _fUnrestricted _2star |
|
| 520 | _aIn Disciplinary Conquest Ricardo D. Salvatore rewrites the origin story of Latin American studies by tracing the discipline's roots back to the first half of the twentieth century. Salvatore focuses on the work of five representative U.S. scholars of South America-historian Clarence Haring, geographer Isaiah Bowman, political scientist Leo Rowe, sociologist Edward Ross, and archaeologist Hiram Bingham-to show how Latin American studies was allied with U.S. business and foreign policy interests. Diplomats, policy makers, business investors, and the American public used the knowledge these and other scholars gathered to build an informal empire that fostered the growth of U.S. economic, technological, and cultural hegemony throughout the hemisphere. Tying the drive to know South America to the specialization and rise of Latin American studies, Salvatore shows how the disciplinary conquest of South America affirmed a new mode of American imperial engagement. | ||
| 588 | 0 | _aDescription based on print version record. | |
| 590 | _aKnowledge Unlatched Round 2 | ||
| 650 | 7 |
_aHistory / Latin America _2bisacsh |
|
| 650 | 7 |
_aHistory _2bisacsh |
|
| 650 | 7 |
_aPolitical Science _2bisacsh |
|
| 650 | 0 | _aHistory | |
| 655 | 0 | _aElectronic books. | |
| 758 |
_iIs found in: _aKnowledge Unlatched Round 2 _1https://openresearchlibrary.org/module/7e500862-ce21-4888-8253-ce0c16e934e3 |
||
| 830 | 0 | _aAmerican Encounters/Global Interactions | |
| 856 | 4 | 0 |
_uhttps://openresearchlibrary.org/content/2ba38f1a-cfdc-46ca-9edf-9572fb6afbfb _zView this content on Open Research Library. _70 |
| 999 |
_c32244 _d32244 |
||